000 02019nam0a22002651 4500
001 rc\582598
005 20260407182637.0
035 _a(NLR Aleph) 005830007
090 _a5570037
_c5570037
100 _a20031121d1987 |||y0rusy50 ca
101 0 _arus
102 _aRU
105 _ay |||||||||
200 1 _aМатериалы совещания "Об итогах работы предприятий Минхиммаша СССР, Минавтопрома СССР и Минприбора СССР в условиях полного хозяйственного расчета и самофинансирования и о ходе подготовки к переводу объединений и предприятий других министерств машиностроительного комплекса на новые условия хозяйствования", 5-6 июня 1987 г., г. Сумы
210 _aМ.
_cЦИНТИхимнефтемаш
_d1987
215 _a174 с.
_d20
300 _aВ надзаг.: Отд-ние экономики и упр. машиностроит. комплексом при Бюро Совета Министров СССР по машиностроению
333 _aДСП. Экз. № 00006
710 1 2 _a"Об итогах работы предприятий Минхиммаша СССР, Минавтопрома СССР и Минприбора СССР в условиях полного хозяйственного расчета и самофинансирования и о ходе подготовки к переводу объединений и предприятий других министерств машиностроительного комплекса на новые условия хозяйствования", совещание
_eСумы
_f1987
_9734662
_3RU\NLR\AUTH\8810117844
801 0 _aRU
_bNLR
_gpsbo
801 1 _aRU
_bELAR
_2rusmarc
852 _aNLR
_j88-50К/7404
942 _cBOOK
980 _aNB